000 00266nam a2200121 a 4500
001 4144
005 20140414132022.0
008 090317s19uu xx 00 eng d
050 _aTR
_bF21 2005
100 _aOConnor, Jane
245 _aFancy Nancy.
999 _c113500
_d113500